لا شریک : (Record no. 107856)

MARC details
000 -LEADER
fixed length control field 00810nam a22002537a 4500
005 - DATE AND TIME OF LATEST TRANSACTION
control field 20170123162332.0
010 ## - LIBRARY OF CONGRESS CONTROL NUMBER
LC control number A-412090
020 ## - INTERNATIONAL STANDARD BOOK NUMBER
Terms of availability 50.00
035 ## - SYSTEM CONTROL NUMBER
System control number A-412090
037 ## - SOURCE OF ACQUISITION
Source of stock number/acquisition Cen Lib/Ret
040 ## - CATALOGING SOURCE
Original cataloging agency DPL
Language of cataloging UR
082 ## - DEWEY DECIMAL CLASSIFICATION NUMBER
Classification number 841
Item number ا ع ج
100 ## - MAIN ENTRY--PERSONAL NAME
Personal name اعجاز، ف. س
9 (RLIN) 122083
245 ## - TITLE STATEMENT
Title لا شریک :
Statement of responsibility, etc ف.س. اعجاز
Remainder of title منظومات /
246 ## - VARYING FORM OF TITLE
Title proper/short title La shareek : manzumaat /
Remainder of title by Fe Seen Ejaz
260 ## - PUBLICATION, DISTRIBUTION, ETC. (IMPRINT)
Place of publication, distribution, etc کلکتہ
Name of publisher, distributor, etc انشا پبلیکیشنز
Date of publication, distribution, etc 1989
270 ## - ADDRESS
City کلکتہ
Postal code 700073
Address ٦-A، کنال سال سٹریٹ
300 ## - PHYSICAL DESCRIPTION
Extent 104p.
Dimensions 20cm(Hb)
650 ## - SUBJECT ADDED ENTRY--TOPICAL TERM
Topical term or geographic name as entry element ادب - اردو
9 (RLIN) 122084
650 ## - SUBJECT ADDED ENTRY--TOPICAL TERM
Topical term or geographic name as entry element اردو شاعری
9 (RLIN) 122085
650 ## - SUBJECT ADDED ENTRY--TOPICAL TERM
Topical term or geographic name as entry element Literature -- Urdu
9 (RLIN) 122086
650 ## - SUBJECT ADDED ENTRY--TOPICAL TERM
Topical term or geographic name as entry element Urdu poetry
9 (RLIN) 122087
942 ## - ADDED ENTRY ELEMENTS (KOHA)
Source of classification or shelving scheme Dewey Decimal Classification
Koha item type Urdu Bks
Classification part 841
Call number suffix ا ع ج
Holdings
Withdrawn status Lost status Damaged status Not for loan Home library Current library Date acquired Source of acquisition Cost, normal purchase price Total Checkouts Full call number Barcode Date last seen Copy number Cost, replacement price Price effective from Koha item type
        Central Library Central Library 12/01/2016 Cen Lib/Ret 50.00   841 ا ع ج A-412090 12/01/2016 1 50.00 12/01/2016 Urdu Bks

© Delhi Public Library
Hit Counter
free hit counter